LEADER 01252nam a2200313 i 4500 001 000000253044 003 CaOOAMICUS 005 20170221000000.0 008 170221s1998 it u000 u ita u 013 $a231949 020 $a88-85931-25-1 040 $aSeMil$bita 100 0 $aBernardus : Claraevallensis,$c.$0(OLS)http://semarc/name/89153 245 10$aSermoni sul salmo 90 /$cSan Bernardo ; introduzione, traduzione e note a cura di I. Tell. 260 $aAbbazia di Praglia :$bScritti Monastici,$c1998. 300 $aLXXVII, 172 p. ;$c21 cm. 490 0 $aScritti monastici ;$v20 700 1 $aTell, Isidoro.$0(OLS)http://semarc/name/40182 830 0$aScritti monastici ;$v20.$0(OLS)http://semarc/title/11591 850 $aSeMil 852 $aSeMil$W1$xVenegono$y1$m2C III 643$j203390$B203390$CSeMilBibl$Z2$F216406 $81 900 1 $aBernardo : di Chiaravalle. 900 1 $aSan Bernardo. 961 $aOmaggio: Altro 996 $6020$a88-85931-25-1$9(OLS)http://semarc/number/275589 996 $6245$aSermoni sul salmo 90$9(OLS)http://semarc/title/410341 996 $6260$aAbbazia di Praglia :$bScritti Monastici$9(OLS)http://semarc/publisher/39856 LEADER 01188nam a2200265 i 4500 001 000000079630 003 CaOOAMICUS 005 20170420000000.0 008 170420s2012 it u000 u ita u 013 $a51867 020 $a978-88-514-0954-8 040 $aSeMil$bita 100 1 $aOlivera, Bernardo .$0(OLS)http://semarc/name/28228 245 12$aI sette uomini di Dio :$bun testimone racconta la vicenda dei martiri di Tibhirine /$cBernardo Olivera. 260 $aMilano :$bÀncora,$c2012. 300 $a153 p., [4] p. di tav. :$bill. ;$c21 cm. 490 0 $aTestimoni del nostro tempo 650 4$aMartiri cristiani - Algeria - Tibhirine.$0(OLS)http://semarc/subject/48644 830 0$aTestimoni del nostro tempo.$0(OLS)http://semarc/title/6456 850 $aSeMil 852 $aSeMil$W1$xVenegono$y1$m3G V 333$j45292$B45292$CSeMilBibl$Z2$F47226 $81 961 $aLascito: Coronelli don Renato 996 $6020$a978-88-514-0954-8$9(OLS)http://semarc/number/270550 996 $6245$aI sette uomini di Dio :$bun testimone racconta la vicenda dei martiri di Tibhirine$9(OLS)http://semarc/title/403519 996 $6260$aMilano :$bÀncora$9(OLS)http://semarc/publisher/29763